El salón de clases en el área exterior

Պահպանված է:
Մատենագիտական մանրամասներ
Հիմնական հեղինակ: Esbensen, Steen B (Հեղինակ)
Ձևաչափ: Գիրք
Լեզու:իսպաներեն
Հրապարակվել է: Ciudad de México Trillas 1996
Խորագրեր:
Ցուցիչներ: Ավելացրեք ցուցիչ
Չկան պիտակներ, Եղեք առաջինը, ով նշում է այս գրառումը!

MARC

LEADER 00000nam a2200000 a 4500
001 UCN1879
003 CL-VaPUC
008 010504e19960000MX |||||||||||||||||spa|d
082 0 4 |a 372.21  |b ESB  |2 21 
100 0 |a Esbensen, Steen B  |e author  |9 457399 
245 1 3 |a El salón de clases en el área exterior 
300 |a 65 p 
942 |c BK 
945 |d 20010504 00:00:00  |a cmena 
260 |a Ciudad de México  |b Trillas  |c 1996 
650 0 |a Educación preescolar  |9 260381 
650 0 |a Métodos de enseñanza  |9 270413 
650 0 |a Métodos de aprendizaje  |9 334464 
583 |a last modification  |c 20010504 00:00:00  |k Rodrigo Vera 
999 |c 295104  |d 295102 
952 |0 0  |1 0  |4 0  |6 372_210000000000000_ESB_1996  |7 0  |8 A  |9 348035  |a BIBEDU  |b BIBEDU  |d 2019-11-20  |i 3717798  |o 372.21 ESB 1996  |p 3717798  |r 2019-11-20  |w 2019-11-20  |y BK  |k EPE